Loading...
Critical history of modern philosophy /
| Main Author: | |
|---|---|
| Format: | Printed Book |
| Language: | English |
| Published: |
Delhi :
Motilal,
1974.
|
| LEADER | 00457nam a2200133Ia 4500 | ||
|---|---|---|---|
| 008 | 150624b xxu||||| |||| 00| 0 eng d | ||
| 082 | |a 190.9 | ||
| 100 | |a Masih, Y. | ||
| 245 | |a Critical history of modern philosophy / |c Y. Masih | ||
| 260 | |a Delhi : |b Motilal, |c 1974. | ||
| 300 | |a 471 p. | ||
| 942 | |c BK | ||
| 999 | |c 30120 |d 30120 | ||
| 952 | |0 1 |1 0 |4 1 |6 190_900000000000000_MAS_C |7 0 |9 30119 |a UL |b UL |c ST1 |d 1998-08-28 |l 6 |m 2 |o 190.9 MAS/C |p 41626 |r 2016-02-09 |s 2016-01-30 |w 2012-10-27 |y BK | ||